Statystyki dla Państwa graniczące z Turcją

Kliknij tutaj aby rozwiązać quiz!

Ogólne statystyki

  • Ten quiz został rozwiązany 25 300 razy
  • Średni wynik to 7 z 8

Odpowiedzi na mapie

Odpowiedzi skodowane kolorowo w zielono-czerwonej skali na mapie do tego quizu, zgodnie z poniższymi procentami.
 

Statystyki odpowiedzi

GranicaPaństwo% Poprawnych
206 kmGrecja
93%
499 kmIran
92%
311 kmIrak
91%
252 kmGruzja
89%
268 kmArmenia
86%
822 kmSyria
86%
240 kmBułgaria
85%
9 kmAzerbejdżan
82%

Rozkład punktacji

Percentyl według liczby udzielonych odpowiedzi

Procent ludzi z każdym wynikiem

Twoja historia wyników

Nie rozwiązałeś tego quizu